000 00626nam a2200241Ia 4500
003 OSt
005 20220923211813.0
006 a|||||r|||| 00| 0
007 ta
008 220922b |||||||| |||| 00| 0 hin d
024 _a57,907
037 _cTextual
040 _aARTS
_cARTS
_bhin
041 _2hin
_ahin
082 _aQ1:21, 152N2
100 _aविष्णुदत्त
245 0 _aश्रुतिपर्णा
246 _aShrutiparṇā
260 _c1992
300 _a96p.
_ccm.
942 _hQ1:21, 152N2
_cTEXL
_2CC
999 _c303779
_d303779